| 000 | 00692nam a2200217 u 4500 | ||
|---|---|---|---|
| 005 | 20240912063836.0 | ||
| 008 | 111005s2006 ag r 000 0 spa d | ||
| 020 | _a9870402445 | ||
| 035 | _aUPN01000182055 | ||
| 049 | _aI | ||
| 050 | 4 |
_aPZ76.3 _bK4.34 |
|
| 100 | 1 |
_aKeselman, Gabriela, _d1953- _931735 |
|
| 245 | 1 | 0 |
_aElsita dice no / _cGabriela Keselman ; il. Claudia Bielinsky. |
| 260 |
_aBuenos Aires : _bAlfaguara, _c2006. |
||
| 300 |
_a27 p. : _bprincipalmente il. col. |
||
| 440 | 0 |
_aAlfaguara infantil. _pDesde 4 aƱos |
|
| 650 | 4 |
_aElefantes _vCuentos y leyendas _99255 |
|
| 650 | 4 |
_aCuentos infantiles argentinos _97466 |
|
| 700 | 1 |
_aBielinsky, Claudia, _eil. |
|
| 905 | _aInfantil | ||
| 999 |
_c154158 _d154158 |
||